000 00943nam a22003017a 4500
001 5895
003 FISKH
005 20250602120145.0
008 250131b cb ||||| |||| 00| 0 eng d
020 _a0590412396
020 _a9780020437505
040 _aFISKH
_beng
_cFISKH
_dFISKH
050 _aPZ10.H97 R
082 _a823.914
100 _aHutchins, Pat
_d(1942–2017)
245 _aRosie's walk /
_cPat Hutchins
250 _aFirst printing in 1987
260 _aNew York :
_bScholastic,
_c1968.
300 _a27 pages :
_bcolor illustrations ;
_c20 cm
505 _aG
520 _aAlthough unaware that a fox is after her as she takes a walk around the farmyard, Rosie the hen still manages to lead him into one accident after another.
521 8 _a380
_bLexile estimate
521 8 _aG
_bRaz-Plus
650 _2Farm animals
_aChickens
650 _2Fox
_aPositional words
942 _2ddc
_cBK
_n0
999 _c5895
_d5895